00909nam a22002297a 4500999001500000001000600015003000900021005001700030008004100047010001700088020001500105040002800120082002000148100002900168245009900197260005200296300002700348650005600375942001200431952011800443952011800561 c3834d383415442BD-DhUAP20200312145859.0200312r20031975nyu 001 0 eng  a 83013624  a058255232x aDLCcDLCdBD-DhUAPbEng00223a808.042 IMH1 aImhoof, Maurice. 91533310aFrom paragraph to essay :bdeveloping composition writing /cMaurice Imhoof and Herman Hudson. aHong Kong :bLongman,cc1975 [Impression 2003]. axv, 96 pages ;c23 cm. 0aEnglish languagexComposition and exercises.914602 2ddccBK 00102ddc4070aUAPCLbUAPCLcGeneral Stacksd2020-03-12o808.042 IMHp3010015442r2020-03-12t1w2020-03-12yBK 00102ddc4070aUAPCLbUAPCLcGeneral Stacksd2020-03-12o808.042 IMHp3010015414r2020-03-12t2w2020-03-12yBK